New York Yankees Managers by Picture - Statistics

General Stats
  • This quiz has been taken 178 times
  • The average score is 13 of 35
Answer Stats
Picture Hint Answer % Correct
2018-Present Aaron Boone
94%
1996-2007 Joe Torre
93%
1964 | 1984-1985 Yogi Berra
86%
2008-2017 Joe Girardi
84%
1975-1978 | 1979 | 1983 | 1985 | 1988 Billy Martin
80%
1949-1960 Casey Stengel
75%
1992-1995 Buck Showalter
72%
1986-1987 | 1988 Lou Piniella
65%
1931-1946 Joe McCarthy
55%
1978-1979 | 1981-1982 Bob Lemon
48%
1961-1963 | 1966-1973 Ralph Houk
48%
1989 Dallas Green
43%
1918-1929 Miller Huggins
42%
1989-1990 Bucky Dent
41%
1981 | 1982 Gene Michael
41%
1974-1975 Bill Virdon
35%
1978 | 1980 Dick Howser
35%
1901-1902 John McGraw
32%
1965-1966 Johnny Keane
30%
1946 Bill Dickey
28%
1982 Clyde King
25%
1947-1948 Bucky Harris
23%
1990-1991 Stump Merrill
22%
1910-1911 Hal Chase
13%
1914 Roger Peckinpaugh
13%
1913-1914 Frank Chance
12%
1930 Bob Shawkey
10%
1902 Wilbert Robinson
7%
1903-1908 Clark Griffith
6%
1909-1910 George Stallings
3%
1912 Harry Wolverton
1%
1946 Johnny Neun
1%
1908 Kid Elberfeld
1%
1915-1917 Wild Bill Donovan
1%
1929 Art Fletcher
0%
No matching quizzes found
Score Distribution
Percent of People with Each Score
Percentile by Number Answered
Your Score History
You have not taken this quiz